<?xml version="1.0" encoding="UTF-8"?><?xml-stylesheet type="text/xsl" href="static/style.xsl"?><OAI-PMH xmlns="http://www.openarchives.org/OAI/2.0/" xmlns:xsi="http://www.w3.org/2001/XMLSchema-instance" xsi:schemaLocation="http://www.openarchives.org/OAI/2.0/ http://www.openarchives.org/OAI/2.0/OAI-PMH.xsd"><responseDate>2026-06-29T08:19:21Z</responseDate><request verb="GetRecord" identifier="oai:docta.ucm.es:20.500.14352/116945" metadataPrefix="marc">https://docta.ucm.es/rest/oai/request</request><GetRecord><record><header><identifier>oai:docta.ucm.es:20.500.14352/116945</identifier><datestamp>2025-03-18T11:50:41Z</datestamp><setSpec>com_20.500.14352_14</setSpec><setSpec>col_20.500.14352_15</setSpec></header><metadata><record xmlns="http://www.loc.gov/MARC21/slim" xmlns:dcterms="http://purl.org/dc/terms/" xmlns:xsi="http://www.w3.org/2001/XMLSchema-instance" xmlns:doc="http://www.lyncode.com/xoai" xsi:schemaLocation="http://www.loc.gov/MARC21/slim http://www.loc.gov/standards/marcxml/schema/MARC21slim.xsd">
   <leader>00925njm 22002777a 4500</leader>
   <datafield ind2=" " ind1=" " tag="042">
      <subfield code="a">dc</subfield>
   </datafield>
   <datafield ind2=" " ind1=" " tag="720">
      <subfield code="a">Galar, Alicia</subfield>
      <subfield code="e">author</subfield>
   </datafield>
   <datafield ind2=" " ind1=" " tag="720">
      <subfield code="a">Sánchez-Somolinos, Mar</subfield>
      <subfield code="e">author</subfield>
   </datafield>
   <datafield ind2=" " ind1=" " tag="720">
      <subfield code="a">Juárez, Miriam</subfield>
      <subfield code="e">author</subfield>
   </datafield>
   <datafield ind2=" " ind1=" " tag="720">
      <subfield code="a">Verde, Eduardo</subfield>
      <subfield code="e">author</subfield>
   </datafield>
   <datafield ind2=" " ind1=" " tag="720">
      <subfield code="a">Burillo Albizua, Almudena</subfield>
      <subfield code="e">author</subfield>
   </datafield>
   <datafield ind2=" " ind1=" " tag="720">
      <subfield code="a">Bouza Santiago, Emilio</subfield>
      <subfield code="e">author</subfield>
   </datafield>
   <datafield ind2=" " ind1=" " tag="720">
      <subfield code="a">Valerio Minero, Maricela</subfield>
      <subfield code="e">author</subfield>
   </datafield>
   <datafield ind2=" " ind1=" " tag="720">
      <subfield code="a">Muñoz García, Patricia Carmen</subfield>
      <subfield code="e">author</subfield>
   </datafield>
   <datafield ind2=" " ind1=" " tag="720">
      <subfield code="a">Cercenado Mansilla, Emilia</subfield>
      <subfield code="e">author</subfield>
   </datafield>
   <datafield ind2=" " ind1=" " tag="720">
      <subfield code="a">García González, Xandra</subfield>
      <subfield code="e">author</subfield>
   </datafield>
   <datafield ind2=" " ind1=" " tag="260">
      <subfield code="c">2019-01-14</subfield>
   </datafield>
   <datafield ind2=" " ind1=" " tag="520">
      <subfield code="a">Therapeutic drug monitoring (TDM) could optimise daptomycin use. However, no validated serum target levels have been established. This prospective study at a tertiary centre including hospitalised patients receiving daptomycin aimed to evaluate the adequacy of daptomycin doses in a real-life study, assess interpatient variability in serum levels, identify predictive factors for non-adequate serum levels and assess their clinical impact. Blood samples [trough ( C min ) and peak ( C max ) levels] were drawn ≥3 days post-treatment initiation. Serum daptomycin concentrations were determined by HPLC. Outcome was classified as: (i) favourable, if clinical improvement or cure occurred with no adverse events; or (ii) poor, in the case of no clinical response, recurrence, related mortality or if adverse events were detected. Sixty-three patients (63.5% male; median age 63.0 years) were included. The most common indications for daptomycin use were bacteraemia (46.0%), complicated skin and soft-tissue infection (30.2%) and endovascular infection (15.9%). The initial dosage was adequate in 43 patients (68.3%), low in 14 (22.2%) and high in 6 (9.5%). Large interindividual variability in serum levels was observed, with a median C min of 10.6 mg/L (range 1.3–44.7 mg/L) and median C max of 44.0 mg/L (range 3.0–93.7 mg/L). Multivariate analysis showed that C min &lt; 3.18 mg/L was independently related to poor outcome (OR = 6.465, 95% CI 1.032–40.087; P = 0.046). High variability in daptomycin use and serum levels was detected. Specific serum targets were identified as risk factors for poor outcome. TDM might be useful to optimise daptomycin doses and to avoid therapeutic failure.</subfield>
   </datafield>
   <datafield ind1="8" ind2=" " tag="024">
      <subfield code="a">Galar A, Muñoz P, Valerio M, Cercenado E, García-González X, Burillo A, Sánchez-Somolinos M, Juárez M, Verde E, Bouza E. Current use of daptomycin and systematic therapeutic drug monitoring: Clinical experience in a tertiary care institution. Int J Antimicrob Agents. 2019 Jan;53(1):40-48. doi: 10.1016/j.ijantimicag.2018.09.015. Epub 2018 Sep 19. PMID: 30243587.</subfield>
   </datafield>
   <datafield ind1="8" ind2=" " tag="024">
      <subfield code="a">0924-8579</subfield>
   </datafield>
   <datafield ind1="8" ind2=" " tag="024">
      <subfield code="a">10.1016/j.ijantimicag.2018.09.015</subfield>
   </datafield>
   <datafield ind1="8" ind2=" " tag="024">
      <subfield code="a">https://hdl.handle.net/20.500.14352/116945</subfield>
   </datafield>
   <datafield ind1="8" ind2=" " tag="024">
      <subfield code="a">https://doi.org/10.1016/j.ijantimicag.2018.09.015</subfield>
   </datafield>
   <datafield ind1="8" ind2=" " tag="024">
      <subfield code="a">https://www.sciencedirect.com/science/article/pii/S0924857918302747?via%3Dihub</subfield>
   </datafield>
   <datafield ind2="0" ind1="0" tag="245">
      <subfield code="a">Current use of daptomycin and systematic therapeutic drug monitoring: Clinical experience in a tertiary care institution</subfield>
   </datafield>
</record></metadata></record></GetRecord></OAI-PMH>